| 000 | 00855nam a2200265 i 4500 | ||
|---|---|---|---|
| 001 | bg | ||
| 100 | 1 | _aHORAK, Janusz | |
| 245 | 0 | 0 |
_aSieci elektryczne. _nCz. 1, _pElementy sieci rozdzielczych / _cJanusz Horak. |
| 250 | _aWyd.3 przejrz. i popr. | ||
| 260 |
_aCzęstochowa : _bWydaw. PC, _c1997. |
||
| 300 |
_a196, [1] s. : _brys., wykr. ; _c24 cm. |
||
| 490 | 1 |
_aSkrypty Politechniki Częstochowskiej, _x1234-9909 ; _v18 |
|
| 504 | _aBibliogr. s. 147-148. | ||
| 650 | 9 |
_aSieć elektryczna _xprojekty |
|
| 655 | _aPodręczniki akademickie | ||
| 710 | 0 | _aPOLITECHNIKA CZĘSTOCHOWSKA (Częstochowa) | |
| 830 |
_aSkrypty Politechniki Częstochowskiej, _x1234-9909 ; |
||
| 020 | _a8385031766 | ||
| 040 | _cBPK | ||
| 041 | 0 | _apl | |
| 080 | _a621.316.1(075.8) | ||
| 920 | _a83-85031-76-6 | ||
| 942 | _cKS | ||
| 008 | s pl f |000 0 pol | ||
| 999 |
_c32796 _d32796 |
||
| 856 |
_uhttp://koha.tu.koszalin.pl/cgi-bin/koha/opac-detail.pl?biblionumber=32796 _yKatalog online BPK |
||